| 000 | 00728nam a2200217 a 4500 | ||
|---|---|---|---|
| 001 | 17034 | ||
| 003 | CO-ViMGA | ||
| 008 | 141112s2004 ck r 000 u spa d | ||
| 020 | _a9508021357 | ||
| 040 |
_aCO-ViMGA _bspa _cCO-ViMGA |
||
| 082 | 0 | 4 | _a658.404 R393d |
| 100 | 1 |
_aDieguez, Alberto Jose _924155 |
|
| 245 | 1 | 0 | _aDiseño y evaluación de proyectos de intervención socioeducativa y trabajo social comunitario |
| 260 |
_aBuenos Aires (Argentina), _cEspacio, _c2002 |
||
| 300 | _a237.p. | ||
| 590 | _aForma de adquisición : Premio - Mincultura | ||
| 650 | 1 | 4 |
_aEVALUACION DE PROYECTOS - METODOLOGIA _924156 |
| 650 | 1 | 4 |
_aPROYECTOS EDUCATIVOS _94771 |
| 650 | 1 | 4 |
_aPROYECTOS SOCIALES - METODOLOGIA _924157 |
| 942 |
_2ddc _cBK |
||
| 999 |
_c26650 _d26650 |
||